000 00426nam a2200169Ia 4500
008 121009t1994 xxu||||| |||| 00| 0 sin d
041 _asin
080 _a8 S - 31
_bSIL
100 _aSilva,Ariyadasa
245 _aපරම රංගනය
246 _aParama Ranganaya
260 _bSara Publishers
_aKottawa
_c1994
300 _a256p., 18 cm
942 _cBK
999 _c70924
_d70924
003 LK-CoDNM
040 _aLK-CoDNM
_dLK-CoDNM
_eLK-CoDNM